| 000 | 00476nam a22001577a 4500 | ||
|---|---|---|---|
| 005 | 20251108170925.0 | ||
| 008 | 250721s9999 xx 000 0 ara d | ||
| 082 | 1 | 4 | _aط/798/قوس |
| 245 | 1 | 0 | _aالقوس والسهم عبر العصور / |
| 264 | 1 |
_aبيروت : _bدار الشرق العربي، _c[19-]. |
|
| 300 | _aغير مرقم | ||
| 490 | 0 | _aسلسلة العلماء والمخترعين | |
| 650 | 1 | 7 | _aالفروسية |
| 942 |
_2ddc _cBK |
||
| 999 |
_c52241 _d52241 |
||